000 00427 a2200133 4500
005 20250612132557.0
020 _a978-620-5-49023-5
082 _a658.834 SIN
100 _aSINGHAL, A.
245 _aGreen Marketing Myopia: The Effect of Green Marketing Myopia on Women Consumers Toward Cosmetics.
260 _aUK,
_bLAP Lambert Academic,
_c2022.
300 _axvi, 221p.: ill.; figure, table
_bReferences
_c23cm
942 _2ddc
_cBKS
999 _c3870
_d3870